Understand science / (Record no. 1776)
[ view plain ]
| 000 -LEADER | |
|---|---|
| fixed length control field | 02339cam a22004217i 4500 |
| 001 - CONTROL NUMBER | |
| control field | data |
| 005 - DATE AND TIME OF LATEST TRANSACTION | |
| control field | 20260322212117.0 |
| 008 - FIXED-LENGTH DATA ELEMENTS--GENERAL INFORMATION | |
| fixed length control field | data |
| 035 ## - SYSTEM CONTROL NUMBER | |
| System control number | 17621510 |
| 010 ## - LIBRARY OF CONGRESS CONTROL NUMBER | |
| LC control number | 2012538614 |
| 020 ## - INTERNATIONAL STANDARD BOOK NUMBER | |
| International Standard Book Number | 9780071775335 |
| Qualifying information | (pbk.) |
| 020 ## - INTERNATIONAL STANDARD BOOK NUMBER | |
| International Standard Book Number | 0071775331 |
| Qualifying information | (pbk.) |
| 020 ## - INTERNATIONAL STANDARD BOOK NUMBER | |
| International Standard Book Number | 9781444114812 |
| 020 ## - INTERNATIONAL STANDARD BOOK NUMBER | |
| International Standard Book Number | 1444114816 |
| 035 ## - SYSTEM CONTROL NUMBER | |
| System control number | (OCoLC)721904697 |
| 040 ## - CATALOGING SOURCE | |
| Original cataloging agency | BTCTA |
| Language of cataloging | eng |
| Transcribing agency | BTCTA |
| Modifying agency | DLC |
| -- | ILC |
| -- | BDX |
| -- | OCLCF |
| -- | OCLCQ |
| -- | YDXCP |
| -- | SFR |
| -- | DLC |
| 042 ## - AUTHENTICATION CODE | |
| Authentication code | lccopycat |
| 050 00 - LIBRARY OF CONGRESS CALL NUMBER | |
| Classification number | Q162 |
| Item number | .E885 2011 |
| 082 04 - DEWEY DECIMAL CLASSIFICATION NUMBER | |
| Classification number | 500 |
| 100 1# - MAIN ENTRY--PERSONAL NAME | |
| Personal name | Evans, Jon, |
| Dates associated with a name | 1972- |
| 245 10 - TITLE STATEMENT | |
| Title | Understand science / |
| Statement of responsibility, etc. | Jon Evans. |
| 246 30 - VARYING FORM OF TITLE | |
| Title proper/short title | Teach yourself understand science |
| 260 ## - PUBLICATION, DISTRIBUTION, ETC. | |
| Place of publication, distribution, etc. | [Place of publication not identified] : |
| Name of publisher, distributor, etc. | McGraw-Hill, |
| Place of publication, distribution, etc. | [Place of publication not identified] : |
| Name of publisher, distributor, etc. | McGraw-Hill, |
| Date of publication, distribution, etc. | 2011. |
| 300 ## - PHYSICAL DESCRIPTION | |
| Extent | x, 230 pages : |
| Other physical details | illustrations ; |
| Dimensions | 20 cm |
| 336 ## - CONTENT TYPE | |
| Content type term | text |
| Content type code | txt |
| Source | rdacontent |
| 337 ## - MEDIA TYPE | |
| Media type term | unmediated |
| Media type code | n |
| Source | rdamedia |
| 338 ## - CARRIER TYPE | |
| Carrier type term | volume |
| Carrier type code | nc |
| Source | rdacarrier |
| 500 ## - GENERAL NOTE | |
| General note | At head of title: Teach yourself. |
| 504 ## - BIBLIOGRAPHY, ETC. NOTE | |
| Bibliography, etc. note | Includes bibliographical references and index. |
| 505 0# - FORMATTED CONTENTS NOTE | |
| Formatted contents note | How we got here. Bang, we're off ; Molecules in space ; Recipe for a solar system ; Life begins ; Evolution and extinction -- Way of all flesh. Life in sequence ; From the bottom up ; Getting it on ; Man the defences ; Attack of the nerves -- Earth, wind and fire. Ground beneath our feet ; Shake, rattle and roll ; Earth rocks ; Wet and windy ; Stormy weather -- We have the technology. Full of energy ; Coming in waves ; Information overload ; Pedal to the metal ; It's alive -- When science goes bad. Fraud, fakery and fantasy ; Shocks and scares ; Hot enough for you? ; Apocalypse now ; Know your limits -- Science of the future. Back to the future ; A.I. ; Innerspace ; A space odyssey ; Things to come. |
| 520 ## - SUMMARY, ETC. | |
| Summary, etc. | Covers all of the essential facts on all key areas from evolution and cell biology to star formation and plate tectonics. The essential introductory guide for a journey of discovery through physics, chemistry, biology, and more. |
| 650 #0 - SUBJECT ADDED ENTRY--TOPICAL TERM | |
| Topical term or geographic name entry element | Science. |
| 650 #7 - SUBJECT ADDED ENTRY--TOPICAL TERM | |
| Topical term or geographic name entry element | Science. |
| Source of heading or term | fast |
| Authority record control number or standard number | (OCoLC)fst01108176 |
| 906 ## - LOCAL DATA ELEMENT F, LDF (RLIN) | |
| a | 7 |
| b | cbc |
| c | copycat |
| d | 2 |
| e | ncip |
| f | 20 |
| g | y-gencatlg |
| 925 0# - | |
| -- | acquire |
| -- | 1 shelf copy |
| -- | policy default |
| Withdrawn status | Lost status | Damaged status | Not for loan | Home library | Current library | Shelving location | Date acquired | Total checkouts | Full call number | Barcode | Date last seen | Price effective from | Koha item type |
|---|---|---|---|---|---|---|---|---|---|---|---|---|---|
| Franklin | Franklin | General stacks | 22/03/2026 | 500 | LOC-FRL-00012 | 22/03/2026 | 22/03/2026 | Books |